00673nam a2200193 a 450000100100000000500170001000800410002702000150006804000250008308200150010810000240012324500770014726000410022430000340026570000410029904900090034095201130034999900170046200002731220200930030738.0110331s1992 gw ao 000 | ger d a3892610592 aDO-SdBNPbspacBNPHU axxxbH468d1 aHein, Robert95439110aDominikanische republik /cRobert Hein ; fotos de Erich Tönspeterotto. a[Germany] :bArtcolor Verlag,c1992. a160 p. :bil., fot. ;c31 cm.1 aTönspeterotto, Erich,efot.954392 aBNPD 001050718MOaPDbPDcCTd2011-03-31iLF1l0oxxx H468dp27312-10r2020-06-25w2020-06-25y1ZNo se presta c26804d26804